000 00499nam a2200181Ia 4500
003 GCL
008 140319s9999 xx 000 0 eng d
040 _aGCL /
_cGCL
082 0 4 _a670.40
_bSA
100 1 _aSTEPANOV, VLAD
245 1 0 _aANALYSIS OF ENERGY EFFICIENCY OF INDUSTRIAL PROCESSES /
_cSTEPANOV, VLAD
260 _a[S.N] :
_bSPRINGER - VERLAG ،
_c1993
300 _a186 P
650 0 4 _aINDUSTRY
650 0 4 _aENERGY CONSERVATION
650 0 4 _aMETALLURGICAL - PLANTS
942 _2ddc
_cBK
999 _c20168
_d20168